Gaming Quiz

Random Gaming or Video Games Quiz

Kingdom Hearts Grab Bag Quiz Stats

 Plays Quiz Updated Jan 16, 2020

Support Sporcle.
Go Orange.
Score 0/31 Timer 08:00
1 Play Today
Hint Character % Correct
Key ProtagonistsSora
96.4%
Key ProtagonistsGoofy
95.5%
Key ProtagonistsDonald
95.2%
Key ProtagonistsRiku
90.7%
Key ProtagonistsKairi
88.7%
Princesses of HeartKairi
85.7%
Temporary Party MembersAriel
78.9%
SummonsSimba
78.5%
Temporary Party MembersTarzan
77.7%
Temporary Party MembersAladdin
77.1%
Princesses of HeartAlice
75.2%
Temporary Party MembersBeast
74.9%
Princesses of HeartSnow White
74.2%
Temporary Party MembersJack Skellington
73.7%
Main AntagonistsAnsem
73.3%
Main AntagonistsMaleficent
73.1%
Hint Character % Correct
Temporary Party MembersPeter Pan
73%
Main AntagonistsJafar
71%
Princesses of HeartJasmine
70.7%
Princesses of HeartBelle
70.1%
Princesses of HeartCinderella
69.6%
Princesses of HeartAurora
69.6%
SummonsGenie
68.7%
Main AntagonistsUrsula
66.5%
Main AntagonistsCaptain Hook
66.1%
Main AntagonistsOogie Boogie
62.1%
SummonsTinker Bell
62.1%
SummonsMushu
61.4%
Main AntagonistsHades
60.9%
SummonsDumbo
59.7%
SummonsBambi
58%

From the Vault

Blitz: Name an Actor Who Played...

by DarkPhalanx

Movies 3m
The tough part is determining who played it best.
Remove Ads.
Support Sporcle.
Get the best of Sporcle when you Go Orange. This ad-free experience offers more features, more stats, and more fun while also helping to support Sporcle. Thank you for becoming a member.

Show Comments

Extras

Top Quizzes Today


Score Distribution

Your Account Isn't Verified!

In order to create a playlist on Sporcle, you need to verify the email address you used during registration. Go to your Sporcle Settings to finish the process.

Report this User

Report this user for behavior that violates our Community Guidelines.

Details: